Generadores de vapor /

Guardado en:
Autor Principal: Ferraro, Mario C.
Formato: Libro
Idioma:Spanish
Publicado: Bahía Blanca : Universidad Nacional del Sur. Departamento de ingeniería, 1975.
Etiquetas: Agregar Etiqueta
Sin Etiquetas, Sea el primero en etiquetar este registro!
LEADER 00486nam a22001455a 4500
001 EUN.um033608
003 AR-BaUNS
005 20050623122907.0
008 041125s1975####ag#a##########000#0#spa#d
245 1 0 |a Generadores de vapor /  |c Mario C. Ferraro. 
260 |a Bahía Blanca :  |b Universidad Nacional del Sur. Departamento de ingeniería,  |c 1975. 
300 |a 40 h. :  |b ilus. ;  |c 29,5 cm. 
100 1 |a Ferraro, Mario C. 
082 0 4 |a 621.18 
859 |a Ar-BaUNS  |b BIB. CENTRAL - Sector A  |h 621.18  |i F412  |p 86342/981